<?xml version="1.0" encoding="UTF-8"?>
<record
    xmlns:xsi="http://www.w3.org/2001/XMLSchema-instance"
    xsi:schemaLocation="http://www.loc.gov/MARC21/slim http://www.loc.gov/standards/marcxml/schema/MARC21slim.xsd"
    xmlns="http://www.loc.gov/MARC21/slim">

  <leader>00714na  a2200241   4500</leader>
  <controlfield tag="001">13073</controlfield>
  <controlfield tag="003">MIRAKIL</controlfield>
  <controlfield tag="005">20181213154827.0</controlfield>
  <controlfield tag="008">161010b        tu            000 0      </controlfield>
  <datafield tag="020" ind1=" " ind2=" ">
    <subfield code="a">9751913551</subfield>
  </datafield>
  <datafield tag="040" ind1=" " ind2=" ">
    <subfield code="a">Milas</subfield>
    <subfield code="b">tur</subfield>
    <subfield code="c">TR-AnCHP</subfield>
  </datafield>
  <datafield tag="041" ind1=" " ind2=" ">
    <subfield code="a">tur</subfield>
  </datafield>
  <datafield tag="082" ind1=" " ind2=" ">
    <subfield code="a">643.2</subfield>
    <subfield code="b">&#x15E;35b</subfield>
  </datafield>
  <datafield tag="090" ind1=" " ind2=" ">
    <subfield code="a">643.2 &#x15E;35b 1996</subfield>
  </datafield>
  <datafield tag="100" ind1=" " ind2=" ">
    <subfield code="a">&#x15E;enyap&#x131;l&#x131;, Tans&#x131;</subfield>
  </datafield>
  <datafield tag="245" ind1=" " ind2=" ">
    <subfield code="a">1980 sonras&#x131;nda ruhsats&#x131;z konut yap&#x131;m&#x131;</subfield>
    <subfield code="c">Tans&#x131; &#x15E;enyap&#x131;l&#x131;</subfield>
  </datafield>
  <datafield tag="260" ind1=" " ind2=" ">
    <subfield code="a">Ankara</subfield>
    <subfield code="b">T.C Ba&#x15F;bakanl&#x131;k Toplu Konut &#x130;daresi Ba&#x15F;kanl&#x131;&#x11F;&#x131;</subfield>
    <subfield code="c">1996</subfield>
  </datafield>
  <datafield tag="300" ind1=" " ind2=" ">
    <subfield code="a">xiv, 82 s.</subfield>
    <subfield code="b">tbl.</subfield>
    <subfield code="c">24 sm.</subfield>
  </datafield>
  <datafield tag="490" ind1=" " ind2=" ">
    <subfield code="a">Konut Ara&#x15F;t&#x131;rmalar&#x131; dizisi</subfield>
    <subfield code="v">8</subfield>
  </datafield>
  <datafield tag="650" ind1=" " ind2=" ">
    <subfield code="a">Konutlar</subfield>
    <subfield code="x">Gecekondu</subfield>
    <subfield code="y">1980-</subfield>
  </datafield>
  <datafield tag="657" ind1=" " ind2=" ">
    <subfield code="a">Ruhsats&#x131;z konutlar</subfield>
  </datafield>
  <datafield tag="942" ind1=" " ind2=" ">
    <subfield code="2">ddc</subfield>
    <subfield code="c">BKS</subfield>
  </datafield>
  <datafield tag="952" ind1=" " ind2=" ">
    <subfield code="a">0001</subfield>
    <subfield code="b">0001</subfield>
    <subfield code="d">2016-08-05</subfield>
    <subfield code="e">2</subfield>
    <subfield code="l">0</subfield>
    <subfield code="o">643.2 &#x15E;35b 1996</subfield>
    <subfield code="p">000737</subfield>
    <subfield code="r">2016-08-05 00:00:00</subfield>
    <subfield code="v">0.00</subfield>
    <subfield code="w">2016-08-05</subfield>
    <subfield code="y">BKS</subfield>
  </datafield>
  <datafield tag="999" ind1=" " ind2=" ">
    <subfield code="c">1574</subfield>
    <subfield code="d">1574</subfield>
  </datafield>
</record>
